000
00275nam a2200109Ia 4500
008
191206s9999 xx 000 0 und d
020
_a
9966080376
090
_a
RA646.A25A312
245
0
_a
AIDS AND THE CHURCH IN AFRICA
260
_a
Aids and the arican chuch
260
_c
c2008
999
_c
15432
_d
15432